La Revolución Urbana (Record no. 13221)
[ view plain ]
| 000 -CABECERA | |
|---|---|
| campo de control de longitud fija | 00747nam a2200241 4500 |
| 003 - IDENTIFICADOR DEL NÚMERO DE CONTROL | |
| campo de control | OSt |
| 005 - FECHA Y HORA DE LA ÚLTIMA TRANSACCIÓN | |
| campo de control | 20260530115308.0 |
| 008 - DATOS DE LONGITUD FIJA--INFORMACIÓN GENERAL | |
| campo de control de longitud fija | 260420b1972 sp |||| |||| 00| 0 spa d |
| 040 ## - FUENTE DE LA CATALOGACIÓN | |
| Centro catalogador/agencia de origen | ICI |
| Lengua de catalogación | spa |
| Centro/agencia transcriptor | ICI |
| 050 ## - SIGNATURA TOPOGRÁFICA DE LA BIBLIOTECA DEL CONGRESO | |
| Número de clasificación | HT151 |
| Número de documento/Ítem | L43 |
| 100 1# - ENTRADA PRINCIPAL--NOMBRE DE PERSONA | |
| Nombre de persona | Lefebvre, Henri, |
| Fechas asociadas al nombre | 1901-1991, |
| 9 (RLIN) | 32429 |
| 240 13 - TÍTULO UNIFORME | |
| Título uniforme | La révolution urbaine. |
| Lenguaje de la obra | Español |
| 245 13 - MENCIÓN DE TÍTULO | |
| Título | La Revolución Urbana |
| Mención de responsabilidad, etc. | Henri Lefebvre ; traductor Mario Nolla |
| 264 #1 - PRODUCCIÓN, PUBLICACIÓN, DISTRIBUCIÓN, FABRICACIÓN Y COPYRIGHT | |
| Nombre del de productor, editor, distribuidor, fabricante | Alianza, |
| Fecha de producción, publicación, distribución, fabricación o copyright | 1972 |
| Producción, publicación, distribución, fabricación y copyright | Madrid : |
| 300 ## - DESCRIPCIÓN FÍSICA | |
| Extensión | 198 páginas |
| 336 ## - TIPO DE CONTENIDO | |
| Término de tipo de contenido | texto |
| Fuente | rdacontent |
| 337 ## - TIPO DE MEDIO | |
| Nombre/término del tipo de medio | sin medio |
| Fuente | rdamedia |
| 338 ## - TIPO DE SOPORTE | |
| Nombre/término del tipo de soporte | volumen |
| Fuente | rdacarrier |
| 490 0# - MENCIÓN DE SERIE | |
| Mención de serie | Colección el libro de bolsillo ; |
| Designación de volumen o secuencia | 378 |
| 500 ## - NOTA GENERAL | |
| Nota general | Reimpresiones: (2a, 1976) -- (3a, 1980) |
| 650 4# - PUNTO DE ACCESO ADICIONAL DE MATERIA--TÉRMINO DE MATERIA | |
| Término de materia o nombre geográfico como elemento de entrada | Ciudades y pueblos |
| 9 (RLIN) | 22758 |
| 942 ## - ELEMENTOS DE PUNTO DE ACCESO ADICIONAL (KOHA) | |
| Fuente del sistema de clasificación o colocación | Library of Congress Classification |
| Tipo de ítem Koha | |
No items available.